000 00329nam a2200121Ia 4500
008 180219s9999 xx 000 0 und d
020 _a781735386
100 _aKarch, Amy M.
245 _aFocus on nursing pharmacy /
250 _a2nd ed
260 _aNew york :
_bLippincott williams & wilkins
_c2003
300 _axiii, 886 pages
999 _c355921
_d355921